000 01588cam a2200397 a 4500
001 EDZ0000019189
003 StDuBDS
005 20161031105216.0
006 m||||||||d||||||||
007 cr |||||||||||
008 101217s2006 enka fo 001|0|eng d
020 _a9781848608030 (ebook) :
_cNo price
040 _aStDuBDS
_beng
_cStDuBDS
_epn
049 _aAlfaisal Main Library
050 4 _aHD31
082 0 4 _a302.35
_222
245 0 4 _aThe SAGE handbook of organization studies
_h[electronic resource].
246 3 0 _aOrganization studies
250 _a2nd ed. /
_bedited by Stewart Clegg ... [et al.].
260 _aLondon :
_bSAGE,
_c2006.
300 _a1 online resource (xxii, 895 p.) :
_bill.
500 _aPrevious ed. published as: Handbook of organization studies. 1996.
520 8 _aThis handbook provides an overview of the current state of the discipline and its future possibilities. Presenting a balance between the established mainstream and newer concerns and approaches, it reflects the diversity and dynamism of the field.
521 _aSpecialized.
588 _aDescription based on print version record.
504 _aIncludes bibliographical references and index.
650 0 _aOrganization.
650 0 _aManagement.
655 7 _aElectronic books.
_2local
700 1 _aClegg, Stewart.
710 2 _aSage eBooks
730 0 _aHandbook of organization studies.
776 0 8 _iPrint version :
_z9780761949961
856 4 0 _uhttp://ezproxy.alfaisal.edu/login?url=http://sk.sagepub.com/reference/hdbk_orgstudies2ed
942 _2lcc
_cEBOOKS
999 _c481732
_d481732